000 00301nam a2200133Ia 4500
008 230312s9999||||xx |||||||||||||| ||und||
082 _a615.854
_bATK-N
100 _aAtkins;Robert,C
245 0 _aNutrition Breakthrough
260 _aUK
300 _a322
650 _aMedical
_vNutrition
942 _cBK
999 _c2162
_d2162